El gobierno maquilla el modelo económico

Guardat en:
Dades bibliogràfiques
Format: Text
Matèries:
Etiquetes: Afegir etiqueta
Sense etiquetes, Sigues el primer a etiquetar aquest registre!

MARC

LEADER 00000 a a2200000 04500
001 6904
003
040
245 |a El gobierno maquilla el modelo económico  
650 |a ECONOMIA  
650 |a EL SALVADOR  
773 |g volumen 28, número 1270; páginas 7-8  
999 |c 35775  |d 35775